[Event "BL 9394 Empor Berlin-Dortmund"]
[Site "?"]
[Date "1994.??.??"]
[Round "?.3"]
[White "Kalka, A."]
[Black "Muse, M."]
[Result "0-1"]
[WhiteElo "2345"]
[BlackElo "2455"]
[PlyCount "94"]
[EventDate "1994.??.??"]

1. e4 c5 2. Nf3 Nc6 3. Bb5 e6 4. O-O Nge7 5. c3 a6 6. Ba4 d5 7. d3 b5 8. Bc2
Bb7 9. Qe2 Ng6 10. Ng5 h6 11. Nh3 dxe4 12. dxe4 e5 13. f3 Bc8 14. Nf2 Be6 15.
Rd1 Qc7 16. g3 Be7 17. Nd2 Bg5 18. Nf1 Na5 19. Bxg5 hxg5 20. Ne3 Nc4 21. Nd5
Qc6 22. a4 O-O 23. b3 Na5 24. Kg2 b4 25. cxb4 cxb4 26. Nxb4 Qb7 27. Nd5 Nc6 28.
Qe3 Nd4 29. Bd3 Ne7 30. Nxe7+ Qxe7 31. g4 Bxb3 32. Rdc1 a5 33. Nh3 f6 34. Bc4+
Bxc4 35. Rxc4 Rfb8 36. Ra2 Qf7 37. Qc3 Rb3 38. Qc1 Rxf3 39. Rf2 Rxf2+ 40. Kxf2
Kh7 41. Kg2 Rb8 42. Nf2 Ne2 43. Qc2 Nf4+ 44. Kf3 Rb2 45. Qxb2 Qxc4 46. Kg3 Qxa4
47. h4 Qd4 0-1

[Event "BL 9394 Empor Berlin-Dortmund"]
[Site "?"]
[Date "1994.??.??"]
[Round "?.4"]
[White "Luther, T."]
[Black "Busch, K."]
[Result "1-0"]
[WhiteElo "2515"]
[BlackElo "2365"]
[PlyCount "45"]
[EventDate "1994.??.??"]

1. e4 c5 2. Nf3 Nc6 3. d4 cxd4 4. Nxd4 g6 5. c4 Bg7 6. Be3 Nf6 7. Nc3 O-O 8.
Be2 d6 9. O-O Bd7 10. Qd2 Nxd4 11. Bxd4 Bc6 12. Bf3 a5 13. Rae1 a4 14. Nd5 Nd7
15. Bxg7 Kxg7 16. Bd1 e5 17. Nc3 Nc5 18. Re3 Kh8 19. Rh3 Qf6 20. Bc2 Ra6 21. f4
exf4 22. Rxf4 Qg5 23. Rxf7 1-0

[Event "BL 9394 Empor Berlin-Dortmund"]
[Site "?"]
[Date "1994.??.??"]
[Round "?.5"]
[White "Lingnau, C."]
[Black "Volke, K."]
[Result "1/2-1/2"]
[WhiteElo "2395"]
[BlackElo "2480"]
[PlyCount "38"]
[EventDate "1994.??.??"]

1. d4 Nf6 2. c4 g6 3. g3 Bg7 4. Bg2 O-O 5. Nc3 d6 6. Nf3 Nbd7 7. O-O e5 8. e4
c6 9. h3 exd4 10. Nxd4 Qb6 11. Re1 Ne8 12. Nf3 Qb4 13. Bf1 Ne5 14. Nxe5 dxe5
15. a3 Qe7 16. b4 f5 17. Be3 b6 18. c5 Rb8 19. b5 cxb5 1/2-1/2

[Event "BL 9394 Empor Berlin-Dortmund"]
[Site "?"]
[Date "1994.??.??"]
[Round "?.6"]
[White "Rabiega, R."]
[Black "Buecker, S."]
[Result "1-0"]
[WhiteElo "2480"]
[BlackElo "2335"]
[PlyCount "79"]
[EventDate "1994.??.??"]

1. e4 d6 2. d4 Nf6 3. Bd3 e5 4. c3 Be7 5. Nf3 Nbd7 6. O-O O-O 7. Re1 h6 8. Nbd2
Nh7 9. Nc4 Bf6 10. Ne3 Re8 11. Nd5 Ndf8 12. Be3 Be6 13. Qb3 Bxd5 14. Qxd5 c6
15. Qb3 Qe7 16. Rad1 Ng6 17. a4 Ng5 18. Nd2 Rad8 19. a5 Ne6 20. d5 Nc5 21. Bxc5
dxc5 22. Nc4 Bg5 23. Bf1 cxd5 24. exd5 Qd7 25. g3 Rb8 26. Bd3 f5 27. Ne3 Bxe3
28. Bb5 Bxf2+ 29. Kxf2 Qf7 30. Bxe8 Rxe8 31. Qb5 e4 32. d6 f4 33. Kg2 e3 34. d7
Rd8 35. gxf4 Qxf4 36. Qxb7 Nh4+ 37. Kh1 Nf3 38. Re2 Kh8 39. Rf1 Qc4 40. Qxf3
1-0

[Event "BL 9394 Empor Berlin-Dortmund"]
[Site "?"]
[Date "1994.??.??"]
[Round "?.7"]
[White "Seger, R."]
[Black "Poldauf, D."]
[Result "1/2-1/2"]
[WhiteElo "2350"]
[BlackElo "2425"]
[PlyCount "49"]
[EventDate "1994.??.??"]

1. e4 e6 2. d4 d5 3. Nd2 Nf6 4. e5 Nfd7 5. Bd3 c5 6. c3 Nc6 7. Ne2 cxd4 8. cxd4
f6 9. exf6 Nxf6 10. Nf3 Bd6 11. O-O Qc7 12. Bg5 O-O 13. Bh4 Nh5 14. Qc2 h6 15.
Bg6 Nf4 16. Nxf4 Bxf4 17. Rfe1 Bd7 18. Rad1 Qb6 19. a3 a5 20. Qe2 Rac8 21. Bb1
Qa6 22. Bd3 Qb6 23. Bb1 Qa6 24. Bd3 Qb6 25. Bb1 1/2-1/2

[Event "BL 9394 Empor Berlin-Dortmund"]
[Site "?"]
[Date "1994.??.??"]
[Round "?.8"]
[White "Stern, R."]
[Black "Straeter, T."]
[Result "1-0"]
[WhiteElo "2385"]
[BlackElo "2365"]
[PlyCount "67"]
[EventDate "1994.??.??"]

1. e4 e5 2. Nf3 Nc6 3. Bb5 a6 4. Bxc6 bxc6 5. O-O d6 6. d4 exd4 7. Nxd4 c5 8.
Nf3 Be7 9. Nc3 Bb7 10. Re1 Nf6 11. Bg5 O-O 12. e5 Ng4 13. Bxe7 Qxe7 14. Nd5
Bxd5 15. Qxd5 dxe5 16. h3 Nf6 17. Qxe5 Qd6 18. Rad1 Qb6 19. Qc3 Rfe8 20. Ne5
Qb4 21. Qxb4 cxb4 22. Nc6 a5 23. Rxe8+ Rxe8 24. Nxa5 g6 25. Nc6 Re2 26. Nxb4
Ne4 27. Rd8+ Kg7 28. Re8 f5 29. f3 Kf7 30. Re5 Kf6 31. Nd3 c5 32. fxe4 c4 33.
Re6+ Kf7 34. exf5 1-0

[Event "BL 9394 Zehlendorf-Solingen"]
[Site "?"]
[Date "1994.??.??"]
[Round "?.1"]
[White "Chandler, M."]
[Black "Bagirov, V."]
[Result "1/2-1/2"]
[WhiteElo "2565"]
[BlackElo "2525"]
[PlyCount "85"]
[EventDate "1994.??.??"]

1. e4 c6 2. d4 d5 3. Nd2 dxe4 4. Nxe4 Bf5 5. Ng3 Bg6 6. h4 h6 7. Nf3 Nd7 8. h5
Bh7 9. Bd3 Bxd3 10. Qxd3 e6 11. Bd2 Ngf6 12. O-O-O Qc7 13. Ne4 O-O-O 14. g3
Nxe4 15. Qxe4 Bd6 16. c4 Rhe8 17. Kb1 c5 18. Bc3 Nf6 19. Qc2 cxd4 20. Bxd4 Bc5
21. Bxf6 gxf6 22. Nh2 f5 23. Nf3 a6 24. Qe2 Bf8 25. Ne5 Bg7 26. f4 Bxe5 27.
fxe5 Qc5 28. Rhe1 Rg8 29. Rxd8+ Rxd8 30. g4 fxg4 31. Qxg4 Qf2 32. Qe2 Rd2 33.
Qxf2 Rxf2 34. Rg1 Rf5 35. Rg7 Rxh5 36. Rxf7 Rxe5 37. Rh7 h5 38. Kc2 b5 39. cxb5
axb5 40. Kc3 Kd8 41. Kb4 Ke8 42. a4 bxa4 43. Kxa4 1/2-1/2

[Event "BL 9394 Zehlendorf-Solingen"]
[Site "?"]
[Date "1994.??.??"]
[Round "?.2"]
[White "Loeffler, S."]
[Black "Norwood, D."]
[Result "0-1"]
[WhiteElo "2440"]
[BlackElo "2525"]
[PlyCount "46"]
[EventDate "1994.??.??"]

1. d4 g6 2. c4 Bg7 3. Nc3 c5 4. d5 f5 5. h4 Bxc3+ 6. bxc3 Nf6 7. h5 Rg8 8. hxg6
hxg6 9. Nf3 Qa5 10. Qb3 d6 11. Bg5 Nbd7 12. Nd2 Nb6 13. e4 Bd7 14. f4 fxe4 15.
Bxf6 exf6 16. Nxe4 O-O-O 17. Nxf6 Ba4 18. Qa3 Rgf8 19. Ng4 Rde8+ 20. Kd2 Rxf4
21. Ne3 Rf2+ 22. Ke1 Rc2 23. Rh8 Rxc3 0-1

[Event "BL 9394 Zehlendorf-Solingen"]
[Site "?"]
[Date "1994.??.??"]
[Round "?.4"]
[White "Vogel, R."]
[Black "Reeh, O."]
[Result "1/2-1/2"]
[WhiteElo "2330"]
[BlackElo "2430"]
[PlyCount "100"]
[EventDate "1994.??.??"]

1. d4 Nf6 2. c4 e6 3. Nc3 Bb4 4. e3 c5 5. Bd3 Nc6 6. Nge2 cxd4 7. exd4 d5 8.
O-O dxc4 9. Bxc4 O-O 10. Bg5 h6 11. Bh4 Be7 12. Rc1 b6 13. a3 Bb7 14. Qd3 Nh5
15. Bg3 Nxg3 16. hxg3 Bg5 17. Rcd1 Ne7 18. d5 Nxd5 19. Nxd5 exd5 20. Bxd5 Qxd5
21. Qxd5 Bxd5 22. Rxd5 Rfc8 23. f4 Bf6 24. Rd2 Rc5 25. Rf3 Rac8 26. Rfd3 Rc2
27. b3 Be7 28. a4 Rxd2 29. Rxd2 h5 30. Kf2 Bc5+ 31. Kf3 Re8 32. Rd3 f5 33. Nc3
Re1 34. Nd1 g6 35. Rd5 a5 36. Rd3 Kf7 37. Rd2 Kf6 38. Rd3 g5 39. fxg5+ Kxg5 40.
Rd5 Rf1+ 41. Ke2 Rg1 42. Kf3 Re1 43. Rd8 Kf6 44. Rd3 Rf1+ 45. Ke2 Rg1 46. Kf3
Re1 47. Rd2 Re4 48. Rd3 Ke5 49. Nb2 Re1 50. Nc4+ Ke6 1/2-1/2

[Event "BL 9394 Zehlendorf-Solingen"]
[Site "?"]
[Date "1994.??.??"]
[Round "?.5"]
[White "Schaefer, Ma"]
[Black "Rahls, P."]
[Result "1-0"]
[WhiteElo "2460"]
[BlackElo "2230"]
[PlyCount "65"]
[EventDate "1994.??.??"]

1. e4 c5 2. Nf3 e6 3. d4 cxd4 4. Nxd4 Nf6 5. Nc3 d6 6. Be2 a6 7. O-O Nbd7 8. f4
b5 9. a3 Bb7 10. Bf3 Rc8 11. Kh1 Be7 12. e5 Bxf3 13. Nxf3 dxe5 14. fxe5 Ng4 15.
Qe1 h5 16. Qg3 Rc4 17. h3 Ndxe5 18. Nxe5 Bh4 19. Nxf7 O-O 20. Bg5 Bxg3 21. Nxd8
Nf2+ 22. Kg1 e5 23. Be3 Nxh3+ 24. gxh3 Rxd8 25. Rad1 Rb8 26. Rd7 Bf4 27. Nd5
Rf8 28. Nxf4 exf4 29. Bd4 Rf5 30. c3 g5 31. Re1 Rc8 32. Ree7 a5 33. Rh7 1-0

[Event "BL 9394 Zehlendorf-Solingen"]
[Site "?"]
[Date "1994.??.??"]
[Round "?.6"]
[White "Cladouras, P."]
[Black "Dueball, J."]
[Result "1-0"]
[WhiteElo "2350"]
[BlackElo "2400"]
[PlyCount "69"]
[EventDate "1994.??.??"]

1. e4 c5 2. Nf3 d6 3. d4 cxd4 4. Nxd4 Nf6 5. Nc3 Nc6 6. Bg5 e6 7. Qd2 a6 8.
O-O-O Bd7 9. f3 Rc8 10. h4 Be7 11. Kb1 b5 12. Nxc6 Rxc6 13. Ne2 Qb8 14. Nd4 Rc7
15. g4 h5 16. gxh5 Rxh5 17. Bg2 g6 18. Ne2 Bc6 19. Ng3 Rh8 20. f4 Rd7 21. Qe3
Rc7 22. Qd4 Qd8 23. Rhg1 Rh7 24. f5 gxf5 25. exf5 Bxg2 26. Rxg2 Qa8 27. Rgd2 e5
28. Qd3 d5 29. Qe2 e4 30. Bxf6 Bxf6 31. Rxd5 Bxh4 32. f6 Bxf6 33. Qxe4+ Re7 34.
Qxh7 Qxd5 35. Qg8+ 1-0

[Event "BL 9394 Zehlendorf-Solingen"]
[Site "?"]
[Date "1994.??.??"]
[Round "?.7"]
[White "Beckemeyer, W."]
[Black "Lieb, H."]
[Result "1/2-1/2"]
[WhiteElo "2390"]
[BlackElo "2275"]
[PlyCount "105"]
[EventDate "1994.??.??"]

1. e4 e6 2. d4 d5 3. exd5 exd5 4. Nf3 Bd6 5. c4 c6 6. Nc3 Ne7 7. Bd3 dxc4 8.
Bxc4 O-O 9. O-O Nd7 10. Bg5 Nb6 11. Bb3 Bg4 12. h3 Bxf3 13. Qxf3 Qd7 14. Rfe1
Rae8 15. Ne4 Ned5 16. a3 Be7 17. Nc5 Qc7 18. Bd2 Bf6 19. Re4 Rxe4 20. Qxe4 Nd7
21. Bc2 g6 22. b4 Bg7 23. Re1 N7f6 24. Qe5 Qc8 25. Qd6 Re8 26. Be3 a6 27. Bd3
Bf8 28. Qg3 Bg7 29. Qd6 Bf8 30. Qg3 Bg7 31. Rc1 Nxe3 32. fxe3 Nd5 33. Be4 b6
34. Bxd5 cxd5 35. Nd3 Qe6 36. Nf4 Qd7 37. Qf3 Re4 38. Kh2 Bh6 39. g3 Bxf4 40.
gxf4 Qe8 41. Rc3 f5 42. Qe2 Kg7 43. Qd2 Re7 44. h4 a5 45. bxa5 bxa5 46. Qc1 Qb5
47. Rc7 Qe2+ 48. Kh1 Qf3+ 49. Kh2 Qe4 50. Qc5 Rxc7 51. Qxc7+ Kh6 52. Qe5 Qf3
53. Qe7 1/2-1/2

[Event "BL 9394 Dortmund-Zehlendorf"]
[Site "?"]
[Date "1994.??.??"]
[Round "?.1"]
[White "Bagirov, V."]
[Black "Beckhuis, G."]
[Result "1/2-1/2"]
[WhiteElo "2525"]
[BlackElo "2195"]
[PlyCount "50"]
[EventDate "1994.??.??"]

1. d4 Nf6 2. c4 g6 3. Nc3 Bg7 4. e4 d6 5. Nf3 O-O 6. h3 Nbd7 7. Be3 e5 8. d5
Nc5 9. Nd2 a5 10. Be2 Ne8 11. g4 f5 12. gxf5 gxf5 13. Rg1 Kh8 14. exf5 Bxf5 15.
Nb3 Nxb3 16. axb3 Nf6 17. Rg3 c6 18. Bd3 e4 19. Be2 Qe7 20. Qd2 cxd5 21. cxd5
Nd7 22. Nb5 Be5 23. Bd4 Nc5 24. Bxe5+ Qxe5 25. Qd4 Qxd4 1/2-1/2

[Event "BL 9394 Dortmund-Zehlendorf"]
[Site "?"]
[Date "1994.??.??"]
[Round "?.2"]
[White "Mainka, G."]
[Black "Loeffler, S."]
[Result "0-1"]
[WhiteElo "2385"]
[BlackElo "2440"]
[PlyCount "70"]
[EventDate "1994.??.??"]

1. d4 d5 2. c4 e6 3. Nf3 dxc4 4. e4 b5 5. a4 c6 6. b3 Bb4+ 7. Bd2 Bxd2+ 8. Qxd2
cxb3 9. axb5 Nf6 10. Nc3 O-O 11. Bd3 cxb5 12. e5 Nd5 13. Nxb5 a5 14. O-O a4 15.
Ng5 f5 16. exf6 gxf6 17. Ne4 Nc6 18. Nc5 Ncb4 19. Nxb3 Rb8 20. Nc5 Bd7 21. Nc3
Rf7 22. Rfe1 Nxd3 23. Qxd3 Bc6 24. Nxe6 Qd6 25. Ne4 Nb4 26. Nxd6 Nxd3 27. Nxf7
Nxe1 28. Nh6+ Kh8 29. Nf7+ Kg8 30. Nh6+ Kh8 31. Rxe1 a3 32. Nf7+ Kg8 33. Nh6+
Kh8 34. Nd8 a2 35. Ne6 Be8 0-1

[Event "BL 9394 Dortmund-Zehlendorf"]
[Site "?"]
[Date "1994.??.??"]
[Round "?.3"]
[White "Zhuravliov, V."]
[Black "Kalka, A."]
[Result "1/2-1/2"]
[WhiteElo "2455"]
[BlackElo "2345"]
[PlyCount "102"]
[EventDate "1994.??.??"]

1. e4 c5 2. Nf3 e6 3. c3 d5 4. exd5 exd5 5. d4 Nc6 6. Be3 cxd4 7. Nxd4 Nf6 8.
Be2 Be7 9. Nd2 O-O 10. O-O h6 11. h3 Bd6 12. Re1 Re8 13. N2f3 a6 14. Qc2 Bc7
15. Rad1 Bd7 16. Qc1 Bb8 17. Bf1 Qc7 18. Ne2 Ne7 19. Bf4 Qb6 20. Bxb8 Raxb8 21.
Nf4 Bf5 22. Nd4 Be4 23. Re3 Nc6 24. Rg3 Rbc8 25. Nxc6 bxc6 26. b3 Rcd8 27. Re1
c5 28. Nd3 Kh8 29. Nb2 Qa5 30. Na4 Bf5 31. Rxe8+ Rxe8 32. Re3 Bd7 33. Rxe8+
Bxe8 34. Qa3 Bxa4 35. b4 Qb6 36. Qxa4 c4 37. Qc2 Qe6 38. a4 Ne4 39. f3 Qb6+ 40.
Kh2 Qd6+ 41. Kg1 Ng5 42. Qd2 Ne6 43. Kf2 Qc6 44. f4 g6 45. Qe3 Kh7 46. a5 Qc7
47. Qe5 Qa7+ 48. Qe3 Qc7 49. Qe5 Qa7+ 50. Ke1 Qe7 51. Kf2 Qa7+ 1/2-1/2

[Event "BL 9394 Dortmund-Zehlendorf"]
[Site "?"]
[Date "1994.??.??"]
[Round "?.4"]
[White "Busch, K."]
[Black "Vogel, R."]
[Result "0-1"]
[WhiteElo "2365"]
[BlackElo "2330"]
[PlyCount "120"]
[EventDate "1994.??.??"]

1. Nf3 Nf6 2. c4 g6 3. d4 Bg7 4. g3 O-O 5. Bg2 d5 6. cxd5 Nxd5 7. O-O Nb6 8.
Nc3 Nc6 9. e3 a5 10. d5 Nb4 11. e4 e6 12. a3 Na6 13. Bg5 f6 14. Bf4 e5 15. Bc1
Nc4 16. Qe2 Nd6 17. Be3 Bd7 18. Rac1 b6 19. Nd2 Nc5 20. Bxc5 bxc5 21. Qe3 c4
22. Rc2 f5 23. Qe2 f4 24. Rb1 Qg5 25. b3 cxb3 26. Nxb3 h5 27. Nc5 Bg4 28. Qd3
Rab8 29. Ne6 Bxe6 30. dxe6 h4 31. Rcc1 fxg3 32. fxg3 Bh6 33. Rf1 hxg3 34. Qxg3
Qxg3 35. hxg3 Be3+ 36. Kh2 Kg7 37. Rxb8 Rxb8 38. Bh3 Rh8 39. Kg2 Bg5 40. Rb1
Rf8 41. Rf1 Rxf1 42. Kxf1 c6 43. Ke2 Kf6 44. Kd3 Bc1 45. a4 Bb2 46. Nb1 Nb7 47.
Nd2 Nc5+ 48. Kc4 Bd4 49. Nb3 Nxb3 50. Kxb3 Bf2 51. Kc4 Ke7 52. g4 Kxe6 53. Bf1
Kf6 54. Kd3 Kg5 55. Ke2 Kxg4 56. Kxf2 Kf4 57. Ke2 g5 58. Kd3 g4 59. Kc4 Kf3 60.
Kc5 Kf2 0-1

[Event "BL 9394 Dortmund-Zehlendorf"]
[Site "?"]
[Date "1994.??.??"]
[Round "?.5"]
[White "Rahls, P."]
[Black "Lingnau, C."]
[Result "1-0"]
[WhiteElo "2230"]
[BlackElo "2395"]
[PlyCount "77"]
[EventDate "1994.??.??"]

1. e4 c5 2. c3 d5 3. exd5 Qxd5 4. d4 Nf6 5. Nf3 Nc6 6. Be2 cxd4 7. cxd4 e6 8.
O-O Be7 9. Nc3 Qd6 10. a3 O-O 11. Be3 b6 12. Rc1 Bb7 13. b4 Rac8 14. Qa4 Rfd8
15. Rfd1 Qb8 16. h3 Qa8 17. Ba6 Bxa6 18. Qxa6 Nb8 19. Qe2 Nd5 20. Nxd5 Qxd5 21.
Rxc8 Rxc8 22. Bf4 b5 23. Bxb8 Rxb8 24. Rc1 Ra8 25. Ne5 Bd6 26. Qe3 f6 27. Nd3
Rd8 28. Nc5 e5 29. dxe5 Qxe5 30. Qb3+ Kh8 31. g3 Rc8 32. Qd3 a6 33. Kf1 h6 34.
Re1 Qxe1+ 35. Kxe1 Bxc5 36. bxc5 Rxc5 37. Qd6 Re5+ 38. Kd2 Kg8 39. Qxa6 1-0

[Event "BL 9394 Dortmund-Zehlendorf"]
[Site "?"]
[Date "1994.??.??"]
[Round "?.6"]
[White "Buecker, S."]
[Black "Cladouras, P."]
[Result "1/2-1/2"]
[WhiteElo "2335"]
[BlackElo "2350"]
[PlyCount "76"]
[EventDate "1994.??.??"]

1. e4 e5 2. Nf3 Nc6 3. Be2 Nf6 4. d3 Be7 5. c4 O-O 6. Nc3 d6 7. h3 h6 8. Be3
Nh7 9. Qd2 f5 10. exf5 Bxf5 11. Nd5 Be6 12. h4 Bf6 13. O-O-O Ne7 14. Nxe7+ Qxe7
15. Qb4 c5 16. Qa3 a6 17. g3 Rfc8 18. Nd2 b5 19. Ne4 Qd7 20. Kb1 Be7 21. Rc1
Nf6 22. Bf3 Nxe4 23. Bxe4 d5 24. cxd5 Bxd5 25. Bxc5 Bxe4 26. dxe4 Bxc5 27. Rxc5
Qd4 28. Rhc1 Rxc5 29. Qxc5 Qxe4+ 30. Ka1 Rf8 31. a3 Qe2 32. Rc2 Qe1+ 33. Ka2
Qe4 34. Qd6 a5 35. Rc7 b4 36. Qd7 Qg6 37. Qd5+ Kh8 38. Rc6 Qf5 1/2-1/2

[Event "BL 9394 Dortmund-Zehlendorf"]
[Site "?"]
[Date "1994.??.??"]
[Round "?.8"]
[White "Straeter, T."]
[Black "Klimm, W."]
[Result "1/2-1/2"]
[WhiteElo "2365"]
[BlackElo "2250"]
[PlyCount "98"]
[EventDate "1994.??.??"]

1. d4 Nf6 2. Nf3 e6 3. e3 c5 4. Bd3 b6 5. O-O Bb7 6. Nbd2 Be7 7. b3 O-O 8. Bb2
cxd4 9. exd4 d6 10. c4 Nbd7 11. Re1 Re8 12. Qe2 Nf8 13. Rac1 Ng6 14. Bb1 Rc8
15. g3 Bf8 16. Ng5 e5 17. d5 b5 18. h4 bxc4 19. bxc4 Ba6 20. Nde4 Be7 21. Nxf6+
Bxf6 22. Nxh7 Bxh4 23. Qh5 Be7 24. Re4 Nh8 25. Nf8 Bf6 26. Qh7+ Kxf8 27. Qxh8+
Ke7 28. Qh5 Qd7 29. c5 Rxc5 30. Rxc5 dxc5 31. Bxe5 Bxe5 32. Rxe5+ Kd8 33. Qh4+
f6 34. Bf5 Qb5 35. Rxe8+ Qxe8 36. Be6 Bc8 37. Qe4 Bxe6 38. dxe6 Ke7 39. f4 g6
40. g4 Qb8 41. f5 gxf5 42. gxf5 c4 43. Qg4 Qb1+ 44. Kg2 Qb2+ 45. Kh3 Qc3+ 46.
Kh4 Qe1+ 47. Kh5 Qh1+ 48. Kg6 Qh8 49. Qe4 Qg8+ 1/2-1/2

[Event "BL 9394 Solingen-Empor Berlin"]
[Site "?"]
[Date "1994.??.??"]
[Round "?.2"]
[White "Norwood, D."]
[Black "Shirov, A."]
[Result "1-0"]
[WhiteElo "2525"]
[BlackElo "2705"]
[PlyCount "81"]
[EventDate "1994.??.??"]

1. g3 d5 2. Bg2 c6 3. d3 Bg4 4. h3 Bh5 5. f4 e6 6. Nf3 Bc5 7. e4 dxe4 8. dxe4
Qxd1+ 9. Kxd1 f6 10. Ke2 Nd7 11. Be3 f5 12. e5 Ne7 13. c4 g5 14. Nbd2 gxf4 15.
gxf4 O-O-O 16. Rhg1 Bxe3 17. Kxe3 Nc5 18. Nd4 Rd7 19. N2b3 Nxb3 20. Nxb3 Rhd8
21. Nc5 Rd2 22. Bf1 Rxb2 23. Rg7 b6 24. Nxe6 Rd7 25. Rxh7 Nd5+ 26. cxd5 Rxh7
27. Ba6+ Kb8 28. dxc6 Rh2 29. Re1 Rxh3+ 30. Kd4 Rc7 31. Nxc7 Kxc7 32. e6 Ra3
33. Bc4 Ra5 34. Bd5 Be8 35. Ke5 Bh5 36. Rg1 Bf3 37. Rg7+ Kc8 38. Rd7 Bxd5 39.
Rxd5 Rxa2 40. e7 Kc7 41. Kf6 1-0

[Event "BL 9394 Solingen-Empor Berlin"]
[Site "?"]
[Date "1994.??.??"]
[Round "?.3"]
[White "Muse, M."]
[Black "Podzielny, KH."]
[Result "0-1"]
[WhiteElo "2455"]
[BlackElo "2470"]
[PlyCount "162"]
[EventDate "1994.??.??"]

1. d4 Nf6 2. Nf3 g6 3. Bg5 Ne4 4. Bf4 Bg7 5. c3 O-O 6. h4 h5 7. Qc1 d6 8. Bh6
Nd7 9. Bxg7 Kxg7 10. Qf4 Nef6 11. Nbd2 Ng4 12. Ne4 e5 13. Qd2 Ndf6 14. Nxf6
Qxf6 15. e3 b6 16. Ng5 Bb7 17. f3 Nh6 18. O-O-O Rfe8 19. d5 a6 20. Be2 Bc8 21.
g4 hxg4 22. fxg4 Qe7 23. Rdg1 Rh8 24. Ne4 Bxg4 25. Bxg4 Nxg4 26. Rxg4 f5 27.
Rg5 fxe4 28. Qg2 Rh6 29. h5 Kh8 30. Rxg6 Rh7 31. h6 Qf7 32. Rg7 Rg8 33. Rxg8+
Qxg8 34. Qxe4 Rf7 35. Qh4 Kh7 36. a4 Qg2 37. c4 e4 38. Kb1 Rf1+ 39. Rxf1 Qxf1+
40. Ka2 Qxc4+ 41. b3 Qxd5 42. Qe7+ Kxh6 43. Qxc7 Qd2+ 44. Ka3 Qxe3 45. Qxd6+
Kg5 46. Qd8+ Kf4 47. Qh4+ Kf3 48. Qh3+ Ke2 49. Qg2+ Ke1 50. Qh1+ Kd2 51. Qg2+
Kc1 52. Qf1+ Kc2 53. Qg2+ Kd3 54. Qf1+ Kc3 55. Qc4+ Kd2 56. Kb2 a5 57. Qc1+ Ke2
58. Qh1 Qd2+ 59. Ka3 Qd6+ 60. Kb2 Qe5+ 61. Kb1 Qf5 62. Qg2+ Ke3 63. Qg3+ Qf3
64. Qg1+ Qf2 65. Qc1+ Kf3 66. Qd1+ Qe2 67. Qh1+ Qg2 68. Qh5+ Kf2 69. Qh6 e3 70.
Qxb6 Qe4+ 71. Kc1 Qb4 72. Qf6+ Ke1 73. Qg7 Qc5+ 74. Kb2 e2 75. Qh8 Qd6 76. Qh4+
Kd1 77. Qg4 Qd2+ 78. Kb1 Qd5 79. Ka2 Kd2 80. Qf4+ Kc2 81. Qc7+ Kd1 0-1

[Event "BL 9394 Solingen-Empor Berlin"]
[Site "?"]
[Date "1994.??.??"]
[Round "?.4"]
[White "Reeh, O."]
[Black "Luther, T."]
[Result "1-0"]
[WhiteElo "2430"]
[BlackElo "2515"]
[PlyCount "103"]
[EventDate "1994.??.??"]

1. d4 e6 2. Nf3 d5 3. c4 Nf6 4. Nc3 c6 5. Bg5 dxc4 6. a4 Nbd7 7. e3 Qa5 8. Bxf6
Nxf6 9. Bxc4 Bb4 10. Qc2 O-O 11. O-O c5 12. Ne4 Nxe4 13. Qxe4 cxd4 14. exd4 Qf5
15. Qxf5 exf5 16. Ne5 f4 17. Bd5 Rd8 18. Bxf7+ Kf8 19. Rfd1 Bf5 20. Bb3 Rac8
21. d5 Bc2 22. Bxc2 Rxc2 23. Rd4 Bd6 24. Rxf4+ Kg8 25. Rc4 Rxb2 26. Ng4 b6 27.
Rd1 Bc5 28. g3 Rf8 29. d6 Bxf2+ 30. Kh1 b5 31. axb5 Bb6 32. d7 h5 33. Ne5 Rff2
34. Rh4 Rfd2 35. Rxd2 Rxd2 36. Rxh5 Bc7 37. Nc6 Bb6 38. d8=Q+ Bxd8 39. Nxa7 Bb6
40. Nc6 Kf7 41. Re5 Kf6 42. h4 Bf2 43. Rg5 Be3 44. Rg4 g5 45. hxg5+ Kf5 46. Rb4
Kxg5 47. Ne5 Re2 48. Nf3+ Kf5 49. g4+ Ke6 50. b6 Kd5 51. b7 Ba7 52. b8=Q 1-0

[Event "BL 9394 Solingen-Empor Berlin"]
[Site "?"]
[Date "1994.??.??"]
[Round "?.5"]
[White "Volke, K."]
[Black "Schaefer, Ma"]
[Result "1-0"]
[WhiteElo "2480"]
[BlackElo "2460"]
[PlyCount "125"]
[EventDate "1994.??.??"]

1. b4 e5 2. Bb2 Bxb4 3. Bxe5 Nf6 4. c4 O-O 5. Nf3 d5 6. e3 Be7 7. Bb2 c5 8. Be2
Nc6 9. cxd5 Nxd5 10. O-O Bf6 11. Qc1 Ndb4 12. Bxf6 Qxf6 13. Nc3 Bf5 14. a3 Na6
15. Na4 Na5 16. Ra2 Rac8 17. Qb2 Qc6 18. Bb5 Qd6 19. Qc3 Qd8 20. Rb2 Nb8 21. d4
cxd4 22. Qxd4 Qxd4 23. Nxd4 Be4 24. f3 Bd5 25. Rd1 Nc4 26. Bxc4 Rxc4 27. Rb4 b6
28. e4 Rxb4 29. axb4 Bb7 30. Nf5 f6 31. Rc1 Rd8 32. Nc3 g6 33. Ne7+ Kf7 34.
Ned5 Rd7 35. b5 Rd6 36. Ra1 a6 37. bxa6 Bxa6 38. Kf2 Bc4 39. Ra8 Nd7 40. Ra7
Bxd5 41. exd5 f5 42. Ke3 g5 43. h3 Ke7 44. g4 fxg4 45. hxg4 b5 46. Kd4 Rb6 47.
Ne4 b4 48. Nc5 b3 49. Rxd7+ Ke8 50. d6 b2 51. Re7+ Kf8 52. Nd7+ Kg8 53. Nf6+
Kf8 54. Nxh7+ Kg8 55. Nf6+ Kf8 56. Nd7+ Kg8 57. Nxb6 b1=Q 58. Kc5 Qc1+ 59. Nc4
Kf8 60. Re4 Qa1 61. d7 Qa7+ 62. Nb6 Qa3+ 63. Kc6 1-0

[Event "BL 9394 Solingen-Empor Berlin"]
[Site "?"]
[Date "1994.??.??"]
[Round "?.6"]
[White "Dueball, J."]
[Black "Rabiega, R."]
[Result "1/2-1/2"]
[WhiteElo "2400"]
[BlackElo "2480"]
[PlyCount "85"]
[EventDate "1994.??.??"]

1. e4 c5 2. Nf3 Nc6 3. d4 cxd4 4. Nxd4 e5 5. Nb5 a6 6. Nd6+ Bxd6 7. Qxd6 Qf6 8.
Qc7 Nge7 9. Nc3 Nd4 10. Bd3 Qg6 11. Be3 d6 12. O-O-O Nec6 13. Nd5 O-O 14. c3
Nb5 15. Qxc6 bxc6 16. Ne7+ Kh8 17. Nxg6+ hxg6 18. Bc4 f5 19. f3 Rd8 20. a4 Nc7
21. Bb6 Be6 22. Bxe6 Nxe6 23. Bxd8 Rxd8 24. Kc2 Kg8 25. b4 Kf7 26. b5 cxb5 27.
axb5 axb5 28. Ra1 Nc5 29. Ra7+ Kf6 30. Rd1 fxe4 31. fxe4 Nxe4 32. Rf1+ Ke6 33.
Rxg7 g5 34. Kd3 Kd5 35. Rb1 Nc5+ 36. Ke3 Ra8 37. Rxg5 Ra3 38. Rxb5 Rxc3+ 39.
Kd2 Ra3 40. Rg4 e4 41. h4 Kc4 42. Rxc5+ Kxc5 43. Rxe4 1/2-1/2

[Event "BL 9394 Solingen-Empor Berlin"]
[Site "?"]
[Date "1994.??.??"]
[Round "?.7"]
[White "Poldauf, D."]
[Black "Beckemeyer, W."]
[Result "1/2-1/2"]
[WhiteElo "2425"]
[BlackElo "2390"]
[PlyCount "150"]
[EventDate "1994.??.??"]

1. c4 e5 2. Nc3 Nf6 3. Nf3 d6 4. g3 g6 5. Bg2 Bg7 6. O-O O-O 7. d4 Nbd7 8. h3
a6 9. dxe5 Nxe5 10. Nxe5 dxe5 11. Qb3 c6 12. Be3 Qc7 13. Rfd1 Be6 14. Bc5 Rfe8
15. Bd6 Qc8 16. Na4 Nd7 17. Qd3 f5 18. e4 b5 19. cxb5 axb5 20. Nc3 f4 21. Rac1
Qb7 22. b3 fxg3 23. fxg3 Qb6+ 24. Kh2 Bh6 25. Rc2 Be3 26. Bc7 Qa7 27. Ne2 Qxc7
28. Qxe3 b4 29. Ng1 c5 30. Nf3 Ra5 31. Ng5 Nf8 32. Rdc1 Qb6 33. Qf2 Qd8 34. Nf3
Nd7 35. Rd1 Qe7 36. Qe3 Rea8 37. Rdd2 Kg7 38. Bf1 h6 39. Bg2 Ra3 40. Qe2 R8a7
41. h4 R3a6 42. Bh3 Bxh3 43. Kxh3 Rd6 44. Rxd6 Qxd6 45. Kg2 Nf6 46. Rd2 Qe6 47.
Qe3 Ra5 48. Qd3 Ra7 49. Rc2 Ra5 50. Qd8 Ra7 51. Qb8 Re7 52. Qa8 Rc7 53. Rd2 Rd7
54. Rxd7+ Nxd7 55. Qb7 Kf6 56. Qc7 Ke7 57. Kf2 Qa6 58. Nd2 Qxa2 59. Ke3 Qb2 60.
Qc6 Qc3+ 61. Ke2 Qxg3 62. Nc4 Qxb3 63. Qd6+ Kd8 64. Nb6 Qb2+ 65. Kf3 Qc3+ 66.
Ke2 Qd4 67. Nd5 Qxe4+ 68. Kd2 Qg4 69. Kc2 Qh3 70. Qxg6 Qf3 71. Qd6 Qe2+ 72. Kb3
Qd1+ 73. Kb2 Qd2+ 74. Kb1 Qd1+ 75. Kb2 Qd2+ 1/2-1/2